東京地下鉄の駅 - Statistics

General Stats
  • This quiz has been taken 10 times
  • The average score is 100 of 182
Answer Stats
Answer % Correct
渋谷
86%
新宿
86%
上野
71%
浅草
71%
東京
71%
後楽園
71%
明治神宮前
71%
表参道
57%
外苑前
57%
青山一丁目
57%
赤坂見附
57%
溜池山王
57%
虎ノ門
57%
新橋
57%
銀座
57%
日本橋
57%
三越前
57%
上野広小路
57%
荻窪
57%
新中野
57%
中野坂上
57%
西新宿
57%
新宿三丁目
57%
国会議事堂前
57%
大手町
57%
淡路町
57%
御茶ノ水
57%
本郷三丁目
57%
茗荷谷
57%
新大塚
57%
池袋
57%
中目黒
57%
恵比寿
57%
広尾
57%
六本木
57%
虎ノ門ヒルズ
57%
日比谷
57%
東銀座
57%
築地
57%
八丁堀
57%
秋葉原
57%
仲御徒町
57%
入谷
57%
三ノ輪
57%
南千住
57%
北千住
57%
中野
57%
落合
57%
高田馬場
57%
早稲田
57%
神楽坂
57%
飯田橋
57%
九段下
57%
門前仲町
57%
木場
57%
西葛西
57%
葛西
57%
浦安
57%
南行徳
57%
行徳
57%
妙典
57%
原木中山
57%
西船橋
57%
代々木上原
57%
赤坂
57%
二重橋前
57%
新御茶ノ水
57%
綾瀬
57%
北綾瀬
57%
和光市
57%
地下鉄成増
57%
地下鉄赤塚
57%
平和台
57%
氷川台
57%
小竹向原
57%
千川
57%
要町
57%
東池袋
57%
麹町
57%
永田町
57%
有楽町
57%
月島
57%
豊洲
57%
新木場
57%
半蔵門
57%
水天宮前
57%
清澄白河
57%
住吉
57%
押上
57%
目黒
57%
白金台
57%
白金高輪
57%
麻布十番
57%
六本木一丁目
57%
東大前
57%
王子
57%
王子神谷
57%
赤羽岩淵
57%
雑司が谷
57%
西早稲田
57%
東新宿
57%
北参道
57%
京橋
43%
神田
43%
末広町
43%
稲荷町
43%
田原町
43%
南阿佐ケ谷
43%
新高円寺
43%
東高円寺
43%
新宿御苑前
43%
四谷三丁目
43%
四ツ谷
43%
霞ケ関
43%
神谷町
43%
茅場町
43%
人形町
43%
小伝馬町
43%
竹橋
43%
東陽町
43%
南砂町
43%
代々木公園
43%
乃木坂
43%
湯島
43%
根津
43%
千駄木
43%
西日暮里
43%
町屋
43%
護国寺
43%
江戸川橋
43%
市ケ谷
43%
桜田門
43%
銀座一丁目
43%
新富町
43%
辰巳
43%
神保町
43%
錦糸町
43%
本駒込
43%
駒込
43%
西ケ原
43%
志茂
43%
No matching quizzes found
Score Distribution
Percent of People with Each Score
Percentile by Number Answered
Your Score History
You have not taken this quiz